| 000 | 00604nam a2200181 i 4500 | ||
|---|---|---|---|
| 001 | 58317 | ||
| 003 | ES-MaACL | ||
| 005 | 20251014063121.0 | ||
| 007 | t| | ||
| 008 | 031021s1973 sp ||||1| cat d | ||
| 100 | 1 |
_aDurán i Sanpere, Agustí, _d1887-1975 _946223 |
|
| 245 | 1 | 0 |
_aBarcelona i la seva historia _b: la societat i l'organització del treball / _cper Agustín Durán y Sampere. |
| 260 |
_aBarcelona : _bCurial, _c1973. |
||
| 300 |
_a696 p., 64 lám. : _bil. ; _c24 cm. |
||
| 651 | 4 |
_aBarcelona- _xHistoria. _97862 |
|
| 852 |
_aES-MaACL _jC-56261 _bR.88899 |
||
| 999 |
_c58317 _d58317 |
||